000 00773nab a2200241u 4500
001 23227
003 HDC
007 c| |||a|c|aaaa
008 210316b20180912my ||||| |||| 00| 0 may d
040 _aHDC
100 _aIlah Hafiz Aziz /
_eAuthor
_919894
245 0 _aTak diuji, anggap bahan semula jadi /
_cIlah Hafiz Aziz
336 _atext
_2rdacontent
337 _acomputer
_2rdamedia
338 _aonline resource
_2rdacarrier
650 _aestrogen
_919896
650 _atoxic supplements
_919895
710 _aBERITA HARIAN
856 _zRequest full-text at [email protected]
942 _2lcc
942 _cNEWS
942 _kNWSC 005106
999 _c20543
_d20543